Minecraft Mobs in Emoji 2 - Statistics

General Stats
  • This quiz has been taken 1,411 times
  • The average score is 9 of 13
Answer Stats
Hint Answer % Correct
🐷 Pig
99%
πŸ§Ÿβ€β™‚οΈ Zombie
94%
πŸ‘πŸŸͺ Enderman
86%
β„οΈπŸ» Polar Bear
84%
πŸ·πŸ‘¨ Piglin
81%
β„οΈπŸŽƒ Snow Golem
74%
πŸŒ΅πŸ§Ÿβ€β™‚οΈ Husk
71%
πŸ¦΄βš”οΈ Wither Skeleton
68%
πŸ·πŸ‘¨πŸͺ“ Piglin Brute
58%
😑🐷 Hoglin
55%
β„οΈπŸ¦΄πŸΉπŸ’ Stray
55%
πŸ§Ÿβ€β™‚οΈπŸ·πŸ˜‘ Zoglin
41%
πŸ›ΆπŸŸ₯🦡 Strider
35%
No matching quizzes found
Score Distribution
Percent of People with Each Score
Percentile by Number Answered
Your Score History
You have not taken this quiz